01822 a2200265 4500003000500000005001700005010001700022020004100039020004400080035002400124040000900148082001200157100002100169245011100190250001300301260004800314300003600362505096400398650002301362650002401385651001101409942001201420999001901432952010501451Nust20170207154048.0 a 2008049907 a0470278706 (cloth : acid-free paper) a9780470278703 (cloth : acid-free paper) a(OCoLC)ocn246887695 cNust00a658.4041 aKerzner, Harold.10aProject management :a systems approach to planning, scheduling, and controlling -(E-BOOK)cHarold Kerzner. a10th ed. aHoboken, N.J. :bJohn Wiley & Sons,cc2009. axxiv, 1094 p. :bill. ;c25 cm.0 a Overview (Page-1), Project Management Growth: Concepts AndDefinitions (Page-37), Organizational Structures (Page-91), Organizing And Staffing The Project Office AndTeam (Page-141), Management Functions (Page-191), Management Of Your Time And Stress (Page-285), Conflicts (Page-295), Special Topics (Page-319), The Variables For Success (Page-365), Working With Executives (Page-383), Planning (Page-411), Network Scheduling Techniques (Page-493), Project Graphics (Page-555),Pricing And Estimating (Page-571),Cost Control (Page-629),Trade-Off Analysis In A Project Environment (Page-715), Risk Management (Page-741), Learning Curves (Page-817), Contract Management (Page-839), Quality Management (Page-873), Modern Developments Project Management (Page-927), The Business Of Scope Changes (Page-949), The Project Office (Page-955), Managing Crisis Projects (Page-971),The Rise, Fall, And Resurrection Of Iridium: A Project Management Perspective (Page-987). 0aProject management 0aProject management. aE-BOOK 2ddccBK c192969d192969 00102ddc40708NFICaMCSbMCSd2016-12-12l0o658.404 KERpMCSEB-2347r2016-12-08w2016-12-12yBK